000 01387nam a2200361Ia 4500
001 ebr10196647
003 CaPaEBR
006 m u
007 cr cn|||||||||
008 061207s2007 enka sb 001 0 eng d
020 _z9780713675467 (pbk.)
020 _z0713675462 (pbk.)
040 _aCaPaEBR
_cCaPaEBR
035 _a(OCoLC)298790709
050 1 4 _aHF5415
_b.H65 2007eb
082 0 4 _a658.8
_222
100 1 _aHolden, Philip R.
245 1 0 _aMarketing and PR
_h[electronic resource] :
_bgetting customers and keeping them-- without breaking the bank /
_cPhilip R. Holden and Nick Wilde.
260 _aLondon :
_bA & C Black,
_c2007.
300 _aviii, 200 p. :
_bill.
490 1 _aBusiness on a shoestring
504 _aIncludes bibliographical references and index.
533 _aElectronic reproduction.
_bPalo Alto, Calif. :
_cebrary,
_d2009.
_nAvailable via World Wide Web.
_nAccess may be limited to ebrary affiliated libraries.
650 0 _aMarketing.
650 0 _aPublic relations.
650 0 _aSmall business
_xMarketing.
650 0 _aSmall business
_xPublic relations.
655 7 _aElectronic books.
_2local
700 1 _aWilde, Nick.
710 2 _aebrary, Inc.
830 0 _aBusiness on a shoestring.
856 4 0 _uhttp://site.ebrary.com/lib/rucke/Doc?id=10196647
_zAn electronic book accessible through the World Wide Web; click to view
999 _c115631
_d115631